Birmingham Airport Destinations (Birmingham, UK) - Statistics

General Stats
  • This quiz has been taken 228 times
    91 since last reset
  • The average score is 86 of 140
Answer Stats
Airline Destination % Correct
Aer Lingus/Ryanair Dublin
98%
easyJet/KLM Amsterdam
97%
easyJet/Ryanair Berlin
97%
Air France/easyJet Paris (Charles de Gaulle)
97%
Aer Lingus Belfast (City)
95%
easyJet Belfast (International)
95%
Lufthansa Munich
95%
easyJet Edinburgh
93%
Swiss International Air Lines Zürich
93%
easyJet/Jet2.com/Ryanair Barcelona
91%
Scandinavian Airlines Copenhagen
91%
Lufthansa Frankfurt
91%
easyJet Glasgow
91%
Jet2.com/Wizz Air Rome (Fiumicino)
91%
Turkish Airlines Istanbul
90%
Pegasus Airlines Istanbul (Sabiha Gökçen)
90%
Ryanair Madrid
90%
Ryanair Cork
88%
Emirates Dubai (International)
88%
easyJet/Ryanair Lisbon
88%
Ryanair Stockholm (Arlanda)
88%
Jet2.com Vienna
88%
Jet2.com Athens
86%
easyJet Milan (Linate)
86%
Jet2.com/Ryanair Porto
86%
Loganair Aberdeen
84%
easyJet/Jet2.com/Ryanair/TUI Airways Málaga
84%
Corendon Airlines/easyJet/Jet2.com/ SunExpress/TUI Airways Antalya
81%
easyJet/Jet2.com Geneva
81%
easyJet/Jet2.com/Ryanair/Wizz Air Kraków
81%
Jet2.com/TUI Airways Naples
81%
Jet2.com Nice
81%
Jet2.com Venice
81%
Jet2.com/Ryanair/Wizz Air Budapest
79%
Air India Delhi
79%
Qatar Airways Doha
79%
easyJet/Jet2.com/Ryanair/TUI Airways Palma de Mallorca
79%
easyJet/Eurowings/Jet2.com Prague
79%
easyJet/Jet2.com/Ryanair/TUI Airways Alicante
78%
easyJet/Jet2.com/Ryanair/TUI Airways Faro
78%
easyJet/Jet2.com/Ryanair Malta
76%
Ryanair/TUI Airways Sofia
76%
Jet2.com/SunExpress/TUI Airways İzmir
74%
TUI Airways Sal
74%
Ryanair/Wizz Air Bucharest (Otopeni)
72%
Eurowings Düsseldorf
72%
Jet2.com Palermo
72%
Ryanair Seville
72%
easyJet/Jet2.com/Ryanair/TUI Airways Tenerife (South)
72%
Jet2.com/TUI Airways Dubrovnik
71%
easyJet/Jet2.com/TUI Airways Heraklion
71%
Loganair Isle of Man
71%
Saudia Jeddah
71%
Jet2.com/Ryanair Pisa
71%
Jet2.com Split
71%
easyJet/Ryanair Bordeaux
69%
Jet2.com Catania
69%
Jet2.com/Ryanair/TUI Airways Ibiza
69%
Jet2.com/TUI Airways Thessaloniki
69%
Jet2.com/Ryanair/TUI Airways Turin
69%
easyJet/Jet2.com Reykjavík
67%
Jet2.com/TUI Airways Salzburg
67%
easyJet/Jet2.com/Ryanair/TUI Airways Corfu
66%
easyJet/Jet2.com/Ryanair/TUI Airways Gran Canaria
66%
easyJet/Jet2.com/TUI Airways Kos
66%
easyJet/Jet2.com/TUI Airways Marrakesh
66%
easyJet/Jet2.com/Ryanair/TUI Airways Rhodes
66%
Ryanair Shannon
66%
easyJet Jersey
64%
Jet2.com/TUI Airways Santorini
64%
Ryanair Valencia
64%
Jet2.com/TUI Airways Funchal
62%
Jet2.com Gdańsk
60%
Aurigny Guernsey
60%
easyJet/Jet2.com/TUI Airways Innsbruck
60%
easyJet/Jet2.com/TUI Airways Larnaca
60%
Jet2.com Bergen
59%
Jet2.com/Ryanair/TUI Airways Chania
59%
Jet2.com Cologne/Bonn
59%
easyJet/Jet2.com/Ryanair/TUI Airways Fuerteventura
59%
Jet2.com/TUI Airways Menorca
59%
Ryanair/TUI Airways Toulouse
59%
Jet2.com/Ryanair/TUI Airways Verona
59%
easyJet/Jet2.com/Ryanair/TUI Airways Lanzarote
57%
Ryanair Zadar
57%
easyJet/Jet2.com/SunExpress/TUI Airways Dalaman
55%
easyJet/TUI Airways Hurghada
55%
Jet2.com/Ryanair/TUI Airways Paphos
55%
Jet2.com/TUI Airways Zakynthos
53%
Ryanair Bergamo
52%
Jet2.com/Ryanair/TUI Airways Girona
52%
easyJet/TUI Airways Sharm El Sheikh
52%
Jet2.com Tallinn
52%
Jet2.com/TUI Airways Agadir
50%
Jet2.com/TUI Airways Bodrum
50%
Jet2.com/TUI Airways Burgas
50%
easyJet Derry
50%
Jet2.com Kalamata
50%
Jet2.com/TUI Airways Kefalonia
50%
Jet2.com Almería
48%
Air India Amritsar
48%
Jet2.com Olbia
47%
Ryanair Poznań
47%
Jet2.com/TUI Airways Pula
47%
Jet2.com Jerez de la Frontera
45%
Ryanair Knock
45%
Ryanair Łódź
45%
Jet2.com/Ryanair/TUI Airways Reus
45%
easyJet/Jet2.com/Ryanair Grenoble
43%
Ryanair Murcia
43%
Ryanair Beauvais
41%
TUI Airways Boa Vista
40%
Ryanair Santander
40%
Jet2.com Tivat
40%
Ryanair Billund
38%
TUI Airways Cancún
38%
TUI Airways Melbourne/Orlando
38%
Jet2.com/TUI Airways Skiathos
38%
easyJet Gibraltar
36%
Jet2.com Preveza/Lefkada
36%
easyJet/TUI Airways Enfidha
34%
Jet2.com/TUI Airways Chambéry
33%
Ryanair Perpignan
29%
TUI Airways Punta Cana
28%
TUI Airways Kittilä
26%
easyJet/Ryanair/TUI Airways Rovaniemi
26%
Jet2.com Samos
26%
Ryanair Treviso
26%
TUI Airways Montego Bay
24%
Ryanair Bydgoszcz
21%
TUI Airways Kavala
21%
Ryanair Plovdiv
21%
TUI Airways Barbados
17%
Wizz Air Craiova
16%
TUI Airways Kuusamo
14%
TUI Airways La Romana
14%
Jet2.com Mytilene
14%
Wizz Air Suceava
12%
Wizz Air Sibiu
9%
No matching quizzes found
Score Distribution
Percent of People with Each Score
Percentile by Number Answered
Your Score History
You have not taken this quiz since the last reset